000 00703nam a2200289Ia 4500
005 20260324112442.0
008 008 260324s9999 xx 000 0 eng d
020 _a9781032686967
037 _aEBOOK
040 _aCRL
040 _beng
040 _cCRL
041 _2eng
041 _aeng
084 _qCRL
100 _aMorris N. Eagle
_91142751
245 0 _aSubjective Experience
245 0 _bIts Fate in Psychology, Psychoanalysis and Philosophy of Mind
260 _bTaylor and Francis
260 _c2024
365 _a
365 _b205
856 _uhttp://www.taylorfrancis.com/books/9781032686967
942 _cEBOOK
999 _c1731967
_d1731967